00680nam a22001937a 4500003000600000005001700006008004100023040000800064082001800072100002100090245010500111260004700216300001900263440003100282505008700313650003000400650003100430650002500461GBCCL20241126110517.0180119b xxu||||| |||| 00| 0 eng d cgbc a230.0411bBRY aBryant, James W. aThe Future of God: bA Theology of the Older Testament for the Younger Generation /cJames W. Bryant aTexas:bCrescendo Book Publications,c1972 a98 p.;c22 cm. aCollege Bible Seriesn4v1 a"A Bible-centered Sunday school curriculum for high school through adults"--Cover. aBible. -- Old Testament.  aGod -- Biblical teaching.  aTheology, Doctrinal.